LEADER 01029nam0-22003371i-450- 001 990000020920403321 005 20080912111344.0 035 $a000002092 035 $aFED01000002092 035 $a(Aleph)000002092FED01 035 $a000002092 100 $a20020821d1959----km-y0itay50------ba 101 0 $aeng 105 $aa-------001yy 200 1 $aDesign of transistorized circuits for digital computers$fAbraham I. Pressman 210 $aNew York$cJ. F. Rider publisher$aLondon$cChapman & Hall$d1959 215 $aXI, 316 p.$cill.$d24 cm 610 0 $aCircuiti a transistori 676 $a621.381 700 1$aPressman,$bAbraham$01650 801 0$aIT$bUNINA$gRICA$2UNIMARC 901 $aBK 912 $a990000020920403321 952 $a13 C 05 01$b29951$fFINBC 952 $a13 C 05 02$b29952$fFINBC 952 $a13 C 05 03$b29953$fFINBC 952 $a10 C 91$b164 CCE$fDINEL 959 $aFINBC 959 $aDINEL 996 $aDesign of transistorized circuits for digital computers$9106869 997 $aUNINA LEADER 01057cam0 22002893 450 001 SOBE00021106 005 20160126102755.0 100 $a20111230d2011 |||||ita|0103 ba 101 $afre 102 $aIT 200 0 $aOeuvres$fCioran$gédition établie, présentée et annotée par Nicolas Cavaillès, avec la collaboration d'Aurélien Demars 210 $aParis$cGallimard$d2011 215 $aLXI,1658 p.$d17 cm 225 2 $aBibliothèque de la Pléiade 410 1$1001LAEC00015142$12001 $a*Bibliothèque de la Pléiade 700 1$aCioran$b, Emil$3AF00005471$4070$0151842 702 1$aCavaillès, Nicolas$3SOBA00002225$4070 702 1$aDemars, Aurélien$3SOBA00002226$4070 801 0$aIT$bUNISOB$c20160126$gRICA 850 $aUNISOB 852 $aUNISOB$j840|Coll|12|K$m155367 912 $aSOBE00021106 940 $aM 102 Monografia moderna SBN 941 $aW 957 $a840|Coll|12|K$b000248$gSI$d155367$racquisto$1catenacci$2UNISOB$3UNISOB$420111230095809.0$520160126102755.0$6Alfano 996 $aOeuvres$91136617 997 $aUNISOB